Que problema! (Registo nº 35038)

Detalhes MARC
000 -Etiqueta do registo
Valores 00877nam a2200289 4500
010 ## - Número ISBN
ISBN 9789895014958
021 ## - Número do Depósito Legal
Código do país Portugal
100 ## - Dados gerais de processamento
Dados gerais 20221003 frey50
101 1# - Língua de publicação
Língua Português
102 ## - País de publicação
País Portugal
200 1# - Titulo e menção de responsabilidade
Título próprio Que problema!
Primeira menção de responsabilidade Steve Way, Felicia Law
Outras menções de responsabilidade il. Mark Beech
-- trad. Maria Amélia Pedrosa
210 #9 - Publicação
Local de publicação Rio de Mouro,
Nome do editor Everest,
Data de publicação imp. 2010
215 ## - Descrição física 
Paginação / Volumes 32 p.
Outras indicações físicas muito il.
Dimensões 25 cm
225 2# - Colecção 
Título próprio da colecção Simplesmente matemática
304 ## - Nota relativa ao título
Texto de nota Tít. orig.: What a problem!
675 ## - CDU
Notação 087.5
Edição BN
Língua por
675 ## - CDU
Notação 51(0.053.5)
Edição BN
Língua por
700 #1 - Autor principal
Apelido Way,
Nome Steve
701 #1 - Autor co-responsavel
Apelido Law,
Nome Felicia
Função Autor
702 #1 - Autor secundário
Apelido Beech,
Nome Mark
Função Ilustrador
702 #1 - Autor secundário
Apelido Pedrosa,
Nome Maria Amélia
Função Tradutor
ID Autoridade 4319
801 #0 - Fonte de origem
País PT
Agência BN
Regras de catalogação RPC
856 41 - Localização e acesso electrónico 
URL <a href="http://rnod.bnportugal.gov.pt/ImagesBN/winlibimg.aspx?skey=&doc=1794859&img=2929&save=true">http://rnod.bnportugal.gov.pt/ImagesBN/winlibimg.aspx?skey=&doc=1794859&img=2929&save=true</a>
090 ## - Tipo de documento
Koha biblioitem number (autogenerated) 35038
990 ## - Elementos KOHA
Tipo de documento Livro
994 ## - Estado da catalogação
Situação Completo
Exemplares
Situação do levantamento Situação do extravio Biblioteca de origem Biblioteca de empréstimo Código de barras Cota Permissão de empréstimo Tipo de documento Forma de aquisição
  Completo Biblioteca da Escola Básica de Aguiar Biblioteca da Escola Básica de Aguiar 781 BA 087.5 WAY Disponível Livro  




Powered by Koha